000 00488nam a22001817a 4500
005 20251108171218.0
008 250721s1995 xx 000 0 ara d
082 1 4 _aط/929.3/شكر
100 1 _aشكري، مراد
245 1 0 _aقريش في الأردن /
264 1 _aعمان :
_b[د.ن]،
_c1995.
300 _a31ص.
650 1 7 _aالأنساب
650 1 7 _aالهاشميون
653 _aناشئون صغار ( 10 - 14 سنة )
942 _2ddc
_cBK
999 _c59474
_d59474